Lịch sử, số 706

Đã lưu trong:
Sonraí Bibleagrafaíochta
Formáid: Leabhar
Clibeanna: Cuir Clib Leis
Gan Chlibeanna, Bí ar an gcéad duine leis an taifead seo a chlibeáil!
Thư viện lưu trữ: Mạng thư viện Đại học Đà Nẵng
LEADER 00394nam a22001691a 4500
001 000040355
003 16650
005 20160412022916.0
008 160412s0 000
082 |a 4N(TK)2120 
245 |a Lịch sử, số 706 
OWN |a LNN 
999 |a From the UDN01 
TYP |a Monograph 
980 |a Mạng thư viện Đại học Đà Nẵng